Statistics for NCIS A-Z

Click here to take the quiz!

General Stats

  • This quiz has been taken 201 times
  • The average score is 20 of 25

Answer Stats

QuestionAnswer% Correct
Leroy Jethro _____GGibbs
100%
Goth Forensics Specialist _____SciutoAAbby
99%
Dr. Mallard's NicknameDDucky
98%
Special Agent Timothy _____MMcGee
96%
Special Agent _____ DavidZZiva
95%
Special Agent Eleanor ______BBishop
94%
CIA Agent Tobias ______FFornell
93%
Third NCIS Director _____VanceLLeon
92%
Special Agent ______ DiNozzoTTony
92%
NCIS is set inWWashington DC
91%
Spin-off series NCIS NewOOrleans
89%
Favourite drink of ACCaf-Pow
88%
Daughter of G....KKelly
87%
The I in NCIS..IInvestigative
83%
Former name of NCISNNIS
83%
First wife of G..SShannon
80%
Birth country of DUUnited Kingdom
75%
Israeli Terrorist Ari _______HHaswari
72%
Birthplace of G, Stillwater ______PPennsylvania
71%
Daughter of FEEmily
70%
Father of G...JJackson
66%
Actor that plays L..._____CarrollRRocky
61%
NCIS 1st appearance in Jag episode Ice ____QQueen
56%
First NCIS episode ______ WhiteYYankee
56%
Mother of DVVictoria
53%

Score Distribution

Percentile by Number Answered

Percent of People with Each Score

Your Score History

You have not taken this quiz